000 01710nam a22002297a 4500
003 Uzh_bibl
008 260525b |||||||| |||| 00| 0 ukr d
020 _a978-0-00-733961-7
_c100.00
040 _bукр.
041 _2eng
_aeng
080 _a821(410)
090 _a821(410)
_bМ 83
100 _a Morpurgo, Michael
245 _aShadow
_hText
_cil. Christine Birmingham
260 _aLondon
_bClays Ltd
_c2010
300 _a288 s.
_bil.
520 _aAuthor of War Horse, and bestselling storyteller Michael Morpurgo touched our hearts with this beautiful story of a boy, his lost dog, and the lengths he would go to be reunited. This timely story of battle-scarred Afghanistan delivers a masterful portrait of war, love, and friendship. With the horrors of war bearing down on them, Aman and his mother are barely surviving in an Afghan cave, and staying there any longer will end horribly. The only comfort Aman has is Shadow, the loyal spaniel that shows up from places unknown, it seems, just when Aman needs him most. Aman, his mother, and Shadow finally leave the destroyed cave in hopes of escaping to England, but are held at a checkpoint, and Shadow runs away after being shot at by the police. Aman and his mother escape--without Shadow. Aman is heart-broken. Just as they are getting settled as free citizens in England, they are imprisoned in a camp with locked doors and a barbed wire fence. Their only hope is Aman's classmate Matt, his grandpa, and the dream of finding his lost dog. After all, you never lose your shadow.
521 _aДля підлітків
546 _aукр.
650 _aЛітературно-художне видання
942 _2udc
_cBK
999 _c18030
_d18030